Report of the Managing Director to the International Monetary and Financial Committee on the IMF's Policy Agenda.

This report provides an update on the work and direction of the Fund since the 2006 Spring Meetings and for the period ahead. Over the past six months work has concentrated on implementing key aspects of the Medium-Term Strategy (MTS), especially in the areas of surveillance and quotas and voice. In...

Descripción completa

Detalles Bibliográficos
Autor Corporativo: International Monetary Fund
Formato: Revista
Lenguaje:English
Publicado: Washington, D.C. : International Monetary Fund, 2006.
Colección:Policy Papers; Policy Paper ; No. 2006/057
Acceso en línea:Full text available on IMF
LEADER 02036cas a2200241 a 4500
001 AALejournalIMF019804
008 230101c9999 xx r poo 0 0eng d
020 |c 5.00 USD 
020 |z 9781498332149 
022 |a 2663-3493 
040 |a BD-DhAAL  |c BD-DhAAL 
110 2 |a International Monetary Fund. 
245 1 0 |a Report of the Managing Director to the International Monetary and Financial Committee on the IMF's Policy Agenda. 
264 1 |a Washington, D.C. :  |b International Monetary Fund,  |c 2006. 
300 |a 1 online resource (21 pages) 
490 1 |a Policy Papers 
500 |a <strong>Off-Campus Access:</strong> No User ID or Password Required 
500 |a <strong>On-Campus Access:</strong> No User ID or Password Required 
506 |a Electronic access restricted to authorized BRAC University faculty, staff and students 
520 3 |a This report provides an update on the work and direction of the Fund since the 2006 Spring Meetings and for the period ahead. Over the past six months work has concentrated on implementing key aspects of the Medium-Term Strategy (MTS), especially in the areas of surveillance and quotas and voice. In surveillance, the new multilateral consultation has been launched, the Board is reviewing the Fund's general decision on surveillance (the 1977 Decision on Surveillance over Exchange Rate Policies), and it has discussed the possibility of setting a remit for surveillance based on a set of objectives and priorities. Progress is being made on quotas and voice and specific proposals are contained in the report and resolution from the Executive Board to the Board of Governors. Work in other areas has focused on the role of the Fund in emerging markets and low-income countries (LICs), building institutions and capacity, and managing an effective institution. 
538 |a Mode of access: Internet 
830 0 |a Policy Papers; Policy Paper ;  |v No. 2006/057 
856 4 0 |z Full text available on IMF  |u http://elibrary.imf.org/view/journals/007/2006/057/007.2006.issue-057-en.xml  |z IMF e-Library